000 01459cam a22004097i 4500
001 7267
003 FISKH
005 20250707084527.0
008 150501s2013 nyua b 000 0 eng d
010 _a 2014451948
020 _a9780545351720
_qpaperback
020 _a0545351723
_qpaperback
040 _aCQF
_beng
_cCQF
_dDLC
050 _aQL405 .B468
082 _a594
100 1 _aBerger, Melvin.
245 1 0 _aShellfish /
_cby Melvin and Gilda Berger.
260 _aNew York :
_bScholastic,
_c2013.
300 _a16 pages :
_bcolor illustrations ;
_c23 cm.
336 _atext
_2rdacontent
337 _aunmediated
_2rdamedia
338 _avolume
_2rdacarrier
490 1 _aDiscovering my world
500 _a"This edition is available for distribution only through the school market" -- P. [4] of cover.
505 _aG
520 _a"Shellfish are sea animals with hard shells. The shells help to keep them safe. What do you know about shellfish?" --
_cPartial summary from back of book.
521 _a410
_bLexile
521 _aG
_bRaz-Plus
650 0 _aMollusks
_vJuvenile literature.
650 7 _aMollusks.
_2fast
_0(OCoLC)fst01024905
655 7 _aJuvenile works.
_2fast
_0(OCoLC)fst01411637
655 7 _aLiterature.
_2lcgft
_0https://id.loc.gov/authorities/genreForms/gf2014026415
700 1 _aBerger, Gilda.
_eAuthor
906 _a7
_bcbc
_ccopycat
_d2
_encip
_f20
_gy-gencatlg
942 _2ddc
_cBK
_n0
999 _c7267
_d7267